header

Secrets to writing great papers (Record no. 57209)

MARC details
000 -LEADER
fixed length control field 01324nam a2200337 a 4500
082 04 - DEWEY DECIMAL CLASSIFICATION NUMBER
Classification number 808/.042
100 1# - MAIN ENTRY--AUTHOR NAME
Personal name Kesselman-Turkel, Judi.
245 10 - TITLE STATEMENT
Title Secrets to writing great papers
260 ## - PUBLICATION, DISTRIBUTION, ETC. (IMPRINT)
Place of publication Madison, Wis. :
Name of publisher University of Wisconsin Press,
Year of publication [2003], c1982.
300 ## - PHYSICAL DESCRIPTION
Number of Pages 78 p.
490 1# - SERIES STATEMENT
Series statement Study smart series
500 ## - GENERAL NOTE
General note Originally published: Getting it down. Chicago : Contemporary Books, c1983.
650 #0 - SUBJECT ADDED ENTRY--TOPICAL TERM
Topical Term English language
Topical Term Report writing.
700 1# - ADDED ENTRY--PERSONAL NAME
Personal name Peterson, Franklynn.
856 40 - ELECTRONIC LOCATION AND ACCESS
Uniform Resource Identifier http://site.ebrary.com/lib/rucke/Doc?id=10315769

No items available.

© 2026 Rongo University
Contact us: librarian | system librarian | Rongo university